Estudios superiores sobre economía de las corporaciones locales V
ISBN:
84-500-9388-0
Descripción Física:
429 p. : gràf. ; 21 cm
Colección:
Temas de administración local ; 25
Materias:
Finances locals -- Espanya -- Congressos
MARC
| LEADER | 00000nam a2200000Ia 4500 | ||
|---|---|---|---|
| 001 | 18153 | ||
| 008 | 160829s1988 xx 000 0 cat d | ||
| 020 | |a 84-500-9388-0 | ||
| 080 | |a M-5-241 | ||
| 100 | |a Semana de Estudios Superiores sobre Economía y Gestión de las Corporaciones Locales (6a : 1987 : Granada) |9 23553 | ||
| 245 | |a Estudios superiores sobre economía de las corporaciones locales V | ||
| 260 | |a Granada : |b Centro de Estudios Municipales y de Cooperación Interprovincial, |c 1988 | ||
| 300 | |a 429 p. : |b gràf. ; |c 21 cm | ||
| 490 | |a Temas de administración local ; 25 | ||
| 590 | |a Conferències pronunciades en la V Semana de Estudios Superiores sobre Economía y Gestión de las Corporaciones Locales, celebrada a Granada del 5 al 9 d'octubre de 1987 | ||
| 650 | 0 | |a Finances locals |x Espanya |x Congressos |9 23554 | |
| 700 | |a Centro de Estudios Municipales y de Cooperación Interprovincial |9 22688 | ||
| 901 | |a Arxiu | ||
| 942 | |n 1 | ||
| 952 | |0 0 |1 0 |4 0 |6 M5241 |7 1 |9 42749 |a Arxiu |b Arxiu |d 2016-12-01 |l 0 |o M-5-241 |p 18153 |r 2016-12-01 00:00:00 |w 2016-12-01 |y ARXIU | ||
| 999 | |c 45255 |d 45255 | ||